000 00265nam a22001217a 4500
008 170818b xxu||||| |||| 00| 0 eng d
041 _aeng
080 _2 4 ED
_a51
100 _a37
101 _aMAT
245 _aCOLLEGE ALGEBRA
_cBANKS.J
942 _2udc
_cBK
999 _c24133
_d24133